Text book of surveying (Record no. 9715)

000 -LEADER
fixed length control field 00462nam a2200193 4500
001 - CONTROL NUMBER
control field 9715
003 - CONTROL NUMBER IDENTIFIER
control field BD-DhUET
008 - FIXED-LENGTH DATA ELEMENTS--GENERAL INFORMATION
fixed length control field 150201b xxu||||| |||| 00| 0 eng d
040 ## - CATALOGING SOURCE
Original cataloging agency DLC
Transcribing agency DLC
Modifying agency BD-DhUET
082 ## - DEWEY DECIMAL CLASSIFICATION NUMBER
Classification number 526.9
Item number SHA/1982
100 ## - MAIN ENTRY--PERSONAL NAME
Personal name Shajahan, M.
245 ## - TITLE STATEMENT
Title Text book of surveying
250 ## - EDITION STATEMENT
Edition statement 1st ed.
260 ## - PUBLICATION, DISTRIBUTION, ETC. (IMPRINT)
Place of publication, distribution, etc. Dacca
Name of publisher, distributor, etc. Kazi Mahfuzur Rahman
Date of publication, distribution, etc. 1982
300 ## - PHYSICAL DESCRIPTION
Extent x, 367p.
Other physical details ill.
650 #0 - SUBJECT ADDED ENTRY--TOPICAL TERM
Topical term or geographic name as entry element Surveying
700 ## - ADDED ENTRY--PERSONAL NAME
Personal name Aziz, M. A.
942 ## - ADDED ENTRY ELEMENTS (KOHA)
Koha item type General Book
Holdings
Koha date last borrowed Shelving location Koha item type Date acquired Source of classification or shelving scheme Koha out on loan Withdrawn status Location (home branch) Lost status Price effective from Copy number Damaged status Koha normalized classification for sorting Koha date last seen Koha issues (times borrowed) Not for loan Koha full call number Sublocation or collection (holding branch) Piece designation (barcode)
2024-11-19Circulation sectionGeneral Book2015-02-01   Central Library, BUET 2015-02-011 526_900000000000000_SHA_19822025-12-027 526.9/SHA/1982Central Library, BUET56198
2024-11-19Circulation sectionGeneral Book2015-03-24 2024-12-03 Central Library, BUET 2015-03-242 526_900000000000000_SHA_19822024-11-198 526.9/SHA/1982Central Library, BUET56200
 Reading sectionReading Item2015-06-08   Central Library, BUET 2015-06-083 526_900000000000000_SHA_19822015-06-08  526.9/SHA/1982Central Library, BUET56191
 Reading sectionReading Item2015-06-08   Central Library, BUET 2015-06-084 526_900000000000000_SHA_19822015-06-08  526.9/SHA/1982Central Library, BUET56195
 Reading sectionReading Item2015-06-09   Central Library, BUET 2015-06-095 526_900000000000000_SHA_19822015-06-09  526.9/SHA/1982Central Library, BUET56192
 Reading sectionReading Item2015-06-13   Central Library, BUET 2015-06-136 526_900000000000000_SHA_19822015-06-13  526.9/SHA/1982Central Library, BUET56194